| 000 | 00499nam a22001697a 4500 | ||
|---|---|---|---|
| 005 | 20260310161329.0 | ||
| 008 | 260309b |||||||| |||| 00| 0 eng d | ||
| 020 | _a978-93-5110-267-0 | ||
| 041 | _aeng | ||
| 082 | _a658.4033 PRO-D | ||
| 100 |
_aPROVOST, FOSTER AND FAWCETT, TOM _98889 |
||
| 245 | _aDATA SCIENCE FOR BUSINESS | ||
| 260 |
_aNAVI MUMBAI _bSHROFF PUBLISHERS & DISTREBUTERS PVT.LTD _c2013 |
||
| 300 | _a384;P | ||
| 650 |
_aCOMPUTER SCIENCE AND INFORMATION TECNOLOGY _98896 |
||
| 942 | _cBK | ||
| 999 |
_c9069 _d9067 |
||